Die beiden einzigen deutschen Bundesländer die ... - Statistiken

Allgemein
  • Dieses Quiz wurde 83 mal gespielt
  • Das Durchschnittsergebnis liegt bei 16 aus 19
Antwortstatistiken
Eines von zwei deutschen Bundesländern, dass Bundesländer % Korrekt
nur aus einer Stadt besteht. Berlin | Hamburg
100%
auf -burg endet. Brandenburg | Hamburg
100%
an den Bodensee grenzt. Baden-Württemberg | Bayern
97%
einen Fußballverein hat, der in den 2020er Jahren Deutscher Fußballmeister wurde. Bayern | NRW
96%
mit S anfängt und mit N aufhört. Sachsen | Schleswig-Holstein
94%
einen Berg hat, der höher ist als 1400 m. Baden-Württemberg | Bayern
90%
eine Bevölkerungszahl von weniger als 1,5 Millionen Einwohnern hat. Bremen | Saarland
89%
an die Ostsee grenzt Mecklenburg-Vorpommern | Schleswig-Holstein
89%
ein Pferd im Wappen hat. Niedersachsen | NRW
89%
eine Stadt Frankfurt mit mehr als 50.000 Einwohnern hat. Brandenburg | Hessen
87%
eine Stadt mit mehr als 100.000 Einwohnern hat, die auf -stadt endet. Bayern | Hessen
83%
das sorbische Siedlungsgebiet umfasst. Brandenburg | Sachsen
83%
an der Mosel liegt Rheinland-Pfalz | Saarland
83%
derzeit von einer Frau als Ministerpräsidentin geführt wird. Mecklenburg-Vorpommern | Saarland
80%
noch nie einen Männerfußballbundesligisten hatte. Sachsen-Anhalt |Thüringen
79%
von der Unstrut durchflossen wird. Sachsen-Anhalt | Thüringen
73%
von Bernhard Vogel als Ministerpräsident regiert wurde. Rheinland-Pfalz | Thüringen
71%
noch nie Geld aus dem Länderfinanzausgleich erhalten haben Baden-Württemberg | Hessen
70%
gleichzeitig Ministerpräsidenten hatte, die Brüder waren. Berlin | Rheinland-Pfalz
69%
Keine übereinstimmenden Quizze gefunden
Verteilung der Resultate
Anzahl Personen mit jedem Resultat
Perzentil nach korrekt beantworteten Fragen
Ihre Resultats-Entwicklung
Sie haben dieses Quiz noch nicht gespielt